| 000 | 00738nam a2200205Ia 4500 | ||
|---|---|---|---|
| 003 | GCL | ||
| 008 | 140319s9999 xx 000 0 ara d | ||
| 040 |
_aGCL / _cGCL |
||
| 082 | 0 | 4 |
_aق _b962.064 _bم ه |
| 100 | 1 | _aامين عزالدين | |
| 245 | 1 | 0 |
_aرؤية جديدة للناصرية: هل انهار المشروع القومى الناصرى / _cامين عزالدين |
| 700 | 1 | _aمصطفى طيبة | |
| 260 |
_a[S.N] : _bالمركز القومى العربى |
||
| 300 | _a141 ص | ||
| 490 |
_aالهيئة العامة للاستعلامات _v0 |
||
| 650 | 0 | 4 | _aالناصرية |
| 650 | 0 | 4 | _aجمال عبدالناصر |
| 650 | 0 | 4 | _aمصر - تاريخ - العصر الحديث (1805 - 1956 ) |
| 942 |
_2ddc _cBK |
||
| 999 |
_c43449 _d43449 |
||